000 01230nam a2200325 i 4500
003 EG-GICUC
005 20260121101348.0
008 251126s1997 ua ||||f |||| 000 0 ara d
017 _a97/2890
020 _a977-04-19666-4
040 _a EG-GICUC
_bara
_c EG-GICUC
_d EG-GICUC
_erda
041 _aara
082 0 4 _221
_a341.8
_bع ب . م
092 0 4 _221
099 _aLaw1 12 341.8 ع ب . م 1997
100 0 _aعبدالحكيم مصطفي عبدالرحمن.
_eمؤلف.
245 1 0 _aمسئولية الناقل الجوي الدولي في القانون الدولي الخاص /
_cدكتور عبدالحكيم مصطفى عبدالرحمن.
264 1 _aالقاهرة :
_bدار النهضة العربية,
_c1997.
300 _a100 صفحة ؛
_c30سم
336 _2rda content
_atext
337 _2rda media
_aComputer
338 _2rda carrier
_aOnline Resource
500 _aيشتمل ع ملاحق
546 _aالنص أغلبه باللغة العربية مع بعض النصوص الإنجليزية
650 1 4 _aالقانون الجوى
_2qrmak
651 1 _2qrmak
856 4 0 _uhttps://fll.law.cu.edu.eg/fulltext/bks/B12-01451.pdf
905 _a5
_eHassnaa
942 _2ddc
_cBK
_e21
_n0
999 _c46263
_d46263